Hay un estilo militar de vida / (Record no. 142260)

MARC details
000 -LEADER
campo de control de longitud fija 00666nam a2200217 i 4500
001 - NÚMERO DE CONTROL
campo de control 142260
003 - IDENTIFICADOR DE NÚMERO DE CONTROL
campo de control ES-MaACL
007 - CAMPO FIJO DE DESCRIPCIÓN FÍSICA--INFORMACIÓN GENERAL
campo de control de longitud fija t|
008 - DATOS DE LONGITUD FIJA--INFORMACIÓN GENERAL
campo de control de longitud fija 071004s1953 sp ||||1| spa d
080 ## - NÚMERO DE LA CLASIFICACIÓN DECIMAL UNIVERSAL
Número de la Clasificación Decimal Universal 355.13(04)
100 1# - ENTRADA PRINCIPAL--NOMBRE DE PERSONA
Nombre de persona Vigón, Jorge.
9 (RLIN) 114665
245 10 - MENCIÓN DEL TÍTULO
Título Hay un estilo militar de vida /
Mención de responsabilidad, etc. Jorge Vigón.
260 ## - PUBLICACIÓN, DISTRIBUCIÓN, ETC.
Lugar de publicación, distribución, etc. Madrid :
Nombre del editor, distribuidor, etc. Editora Nacional,
Fecha de publicación, distribución, etc. 1953.
300 ## - DESCRIPCIÓN FÍSICA
Extensión 211 p. ;
Dimensiones 21 cm.
490 1# - MENCIÓN DE SERIE
Mención de serie Libros de actualidad política ;
Designación de volumen o secuencia 13
650 14 - PUNTO DE ACCESO ADICIONAL DE MATERIA--TÉRMINO DE MATERIA
Término de materia o nombre geográfico como elemento de entrada Militares-
Subdivisión general España.
9 (RLIN) 15043
650 17 - PUNTO DE ACCESO ADICIONAL DE MATERIA--TÉRMINO DE MATERIA
Término de materia o nombre geográfico como elemento de entrada Psicología militar
Fuente del encabezamiento o término embne
9 (RLIN) 16569
830 0# - PUNTO DE ACCESO ADICIONAL DE SERIE-TÍTULO UNIFORME
Título uniforme Libros de actualidad política ;
Designación de volumen o secuencia 13
9 (RLIN) 182069
852 ## - LOCALIZACIÓN
Ubicación ES-MaACL
Número de control de estantería C-5864
Sublocalización o colección R.35915
Holdings
Estatus retirado Estado de pérdida Estado de daño No para préstamo Biblioteca de origen Biblioteca actual Ubicación en estantería Fecha de adquisición Fuente de adquisición Total de préstamos Signatura topográfica completa Código de barras Visto por última vez Precio de reemplazo Tipo de ítem Koha
        Biblioteca del Ateneo de Madrid Biblioteca del Ateneo de Madrid Sala Palomar 17/01/2008     C-5864 1148022 23/02/2023 23/02/2023 Libro impreso